| 000 | 00399pam a2200145 a 4500 | ||
|---|---|---|---|
| 020 |
_a9781416049159 _c |
||
| 041 | _h | ||
| 082 |
_a617.3 _bKOC/MIL |
||
| 100 | _aKOCHER M.S., MILLIS M.B. | ||
| 245 |
_aPEDIATRIC ORTHOPAEDIC SURGERY : OPERATIVE TECHNIQUES + ONLINE (WITH CD) _hTextual Documents |
||
| 260 |
_bSAUNDERS _c2011 |
||
| 300 |
_a789: _bXX; _cHB+ _eONLINE. |
||
| 930 | _a4644 | ||
| 999 |
_c799172 _d799172 |
||
| 650 | _aORTHO | ||